| 000 | 00785nam a2200217Ii 4500 | ||
|---|---|---|---|
| 003 | JO-AjNU | ||
| 008 | 230605s9999||||xx |||||||||||||| ||und|| | ||
| 040 |
_aJO-AjNU _bara _erda _cJO-AjNU |
||
| 041 | _aara | ||
| 050 | 1 | 4 | _aPJ7810.L3.53 1900 |
| 100 | 3 |
_aتأليف سعدالله،أبو القاسم, _eauthor _923232 |
|
| 245 | 0 | 0 | _aمحمد العيد آل خليفة رائد الشعر الجزائري في العصر الحديث |
| 250 | _aط2 | ||
| 264 | 3 | 1 | _aالقاهرة:دار المعارف،1900 |
| 300 | _a310ص | ||
| 336 |
_atext _btxt _2rdacontent |
||
| 337 |
_aunmediated _bn _2rdamedia |
||
| 338 |
_avolume _bnc _2rdacarrier |
||
| 490 | 0 | _aمكتبة الدراسات الأدبية 68 | |
| 650 | 4 |
_a الشعراء الجزائريون - تراجم _923233 |
|
| 999 |
_aA8372 _c11940 _d11940 |
||